000 01212nam a2200337 a 4500
001 000111160
003 CHAP
005 20220329144200.0
008 141210s2014 mx fsm |||||||spa d
010 _a107622
011 _a108594
040 _cCHAP
090 _aTesis
100 1 _aMendoza Juárez, María Guadalupe
_9128983
245 1 0 _aAplicación de vitamina e y parámetros reproductivos de cabras lecheras sincronizadas
_h[En línea]
_cpor María Guadalupe Mendoza Juárez.
260 _aChapingo, Méx. :
_bEl autor,
_c2014.
500 _aPara ver el contenido del material haga clic en la liga
502 _aTesis (Ing. Agr. Esp. en Zootecnia) -- UACH. Departamento Zootecnia
590 _aE11695DGD
_b10
_c20141216
_lUCH01
_h1047
590 _aE5995AHE
_b05
_c20141210
_lUCH01
_h0915
590 _aE5995AHE
_b05
_c20141210
_lUCH01
_h0917
650 1 4 _aGanado cabrío
_xFecundidad.
_945011
650 1 4 _aGanado cabrío
_xReproducción.
_945043
650 1 4 _aGestación.
_947801
650 1 4 _aInseminación artificial.
_958964
650 1 4 _aVitaminas (E)
_9120017
856 _aFinding aid
_uhttp://10.13.5.2/tesis/sist111160.pdf
_zTeclea aquí
901 _aBK
942 _cTESIS
942 _n0
999 _c107622
_d107622